Plus grand stade en France - Statistiques

Statistiques générales
  • Ce quiz a été pris 137 fois
  • Le résultat moyen est 11 sur 20
Statistiques - réponses
Hint capacité Réponse Ville % Correct
2 67 394 Orange Velodrome Marseille
99%
1 80 698 Stade de France Saint-Denis
98%
5 48 583 Parc des Princes Paris
93%
3 59 186 Groupama Stadium Lyon
81%
13 33 150 Stadium de Toulouse Toulouse
73%
10 35 322 Stade de la Beaujoire Nantes
69%
7 41 965 Stade Geoffroy-Guichard Saint-Etienne
69%
9 36 178 Allianz Riviera Nice
67%
8 38 058 Stade Bollaert-Delelis Lens
65%
6 42 115 Matmut Atlantique Bordeaux
63%
11 35 029 Stade de Gerland Lyon
62%
4 50 157 Decathlon Arena Stade Pierre Mauroy Villeneuve-d'Ascq
50%
15 29 778 Roazhon Park Rennes
50%
12 34 462 Stade Chaban-Delmas Bordeaux
45%
17 26 280 Stade de la Meinau Strasbourg
39%
18 25 181 Stade Océane Le Havre
34%
16 28 000 Stade Saint-Symphorien Longeville-lès-Metz
33%
14 30 041 Paris la défense Arena Nanterre
17%
19 25 172 Stade du Hainaut Valencienne
15%
20 25 064 Stade Marie-Marvingt Le Mans
10%
Aucun quiz correspondant
Distribution des résultats
% des personnes avec chaque résultat
Percentile par nombre de réponses
Votre historique - résultats
Vous n’avez pas pris ce quiz